LEADER 01394nam a2200325 a 4500 001 000000167913 003 CaOOAMICUS 005 20180528103810.0 008 180528s2018 it u000 u ita r 020 $a978-88-311-0195-0* 032 $aLibriCat 040 $aPUL$bita 041 1 $aita$heng 100 1 $aTuring, Alan Mathison.$0(OLS)http://pul/name/108125 240 10$aComputing machinery and intelligence.$lItaliano.$0(OLS)http://pul/title/208053 245 10$aMeccanismo computazionale e intelligenza /$cAlan M. Turing ; con un saggio di Luigi Cimmino. 260 $aRoma :$bCittà Nuova,$c©2018. 300 $a184 p. ;$c20 cm. 490 1 $aIdee. Filosofia. Nuova serie ;$v170 504 $aBibliografia in nota. 650 4$aIntelligenza artificiale.$0(OLS)http://pul/subject/22435 700 1 $aCimmino, Luigi.$0(OLS)http://pul/name/9491 830 0$aIdee.$pFilosofia.$pNuova serie ;$v170.$0(OLS)http://pul/title/81879 850 $aPUL 852 $aPUL$W1$xSL Filosofia 2$y80$mPhil A15 170$j191598$qStampati Altre Collocazioni$B195717$CPULBib$Z2$F195717 $H130848 $81 941 1 $a10 996 $6020$a978-88-311-0195-0*$9(OLS)http://pul/number/164190 996 $6245$aMeccanismo computazionale e intelligenza$9(OLS)http://pul/title/208054 996 $6260$aRoma :$bCittà Nuova$9(OLS)http://pul/publisher/47927 LEADER 01534nam a2200337 a 4500 001 000000173123 003 CaOOAMICUS 005 20200130130716.0 008 200130s2018 it u001 u ita r 020 $z978-88-452-9378-8* 032 $aLibriCat 040 $aPUL$bita 082 04$a823.9 100 1 $aCurry, Patrick.$0(OLS)http://pul/name/111198 245 10$aTolkien, mito e modernità : $bin difesa della terra di mezzo / $cPatrick Curry ; introduzione di Roberto Arduini; traduzione di Paolo Palmieri. 260 $aMilano :$bBompiani,$c©2018$aFirenze :$bGiunti 300 $aXIV, 246 p.;$c20 cm 490 1 $aI grandi tascabili Bompiani ;$v611 650 4$aNarrativa inglese.$0(OLS)http://pul/subject/41260 700 1 $aArduini, Roberto.$0(OLS)http://pul/name/111199 700 1 $aPalmieri, Paolo.$0(OLS)http://pul/name/111200 830 2$aI grandi tascabili Bompiani ;$v611.$0(OLS)http://pul/title/213085 850 $aPUL 852 $aPUL$W1$xSL Cons. Gen., Altre Classi 3$y75$m823. 9 CURPA 1$j197097$qDDC 21$B201885$CPULBib$Z2$F201885 $H133884 $82 941 1 $a9 996 $6020$z978-88-452-9378-8*$9(OLS)http://pul/number/167119 996 $6082$a823.9$9(OLS)http://pul/classification/3267 996 $6245$aTolkien, mito e modernità : $bin difesa della terra di mezzo / $9(OLS)http://pul/title/214183 996 $6260$aMilano :$bBompiani$9(OLS)http://pul/publisher/48240 996 $6260$aFirenze :$bGiunti$9(OLS)http://pul/publisher/64498